| 000 | 00824nam a2200217Ii 4500 | ||
|---|---|---|---|
| 003 | JO-AjNU | ||
| 008 | 230605s9999||||xx |||||||||||||| ||und|| | ||
| 017 | _a2007/6/1856 | ||
| 040 |
_aJO-AjNU _bara _erda _cJO-AjNU |
||
| 041 | _aara | ||
| 050 | 1 | 4 | _aKBP469.K83.2007 |
| 100 | 3 |
_aتأليف الكوفحي، ماجد عبدالمجيد ؛ م.مشارك وليد وهيب الطحاينة, _eauthor _921448 |
|
| 245 | 0 | 0 | _aالقواعد الفقهية الكلية في الشريعة الإسلامية : دراسة قانونية و أكاديمية |
| 250 | _aط1 | ||
| 264 | 3 | 1 | _aد،م: د،ن، 2007 |
| 300 | _a140ص | ||
| 336 |
_atext _btxt _2rdacontent |
||
| 337 |
_aunmediated _bn _2rdamedia |
||
| 338 |
_avolume _bnc _2rdacarrier |
||
| 650 | 4 |
_aالفقه الإسلامي -- الفقه -- الإسلام _921449 |
|
| 999 |
_aA7451 _c11019 _d11019 |
||